|
|
|
|
| LEADER |
00000nem1a2200000 4500 |
| 001 |
377689 |
| 005 |
20250220113351.0 |
| 035 |
|
|
|a (RuTPU)RU\TPU\retro\35141
|
| 090 |
|
|
|a 377689
|
| 100 |
|
|
|a 20230324d1978 m y0rusy50 ca
|
| 101 |
0 |
|
|a rus
|
| 102 |
|
|
|a RU
|
| 120 |
|
|
|a bybx uuuu
|
| 123 |
2 |
|
|a a
|p eay
|
| 124 |
|
|
|a a
|b d
|
| 200 |
1 |
|
|a Жизнь и деятельность Карла Маркса
|f СССР, Главное управление геодезии и картографии ; под ред. Н. А. Смирновой, И. Я. Сукеника
|
| 206 |
|
|
|a [Масштабы разные]
|
| 210 |
|
|
|a Москва
|c ГУГК
|d 1978
|
| 215 |
|
|
|a 1 л. карт.
|
| 421 |
|
|
|t Карл Маркс (краткий биографический очерк)
|f Ф. Г. Рябов
|p 15 с.
|a Рябов, Ф. Г.
|
| 600 |
|
1 |
|a Маркс
|g Карл
|b К.
|c немецкий мыслитель
|c общественный деятель
|c основоположник марксизма
|f 1818-1883
|2 stltpush
|3 (RuTPU)RU\TPU\pers\297
|
| 606 |
1 |
|
|a Маркс К.
|x Жизнь и деятельность
|2 stltpush
|3 (RuTPU)RU\TPU\subj\39700
|9 59660
|
| 610 |
1 |
|
|a карты
|
| 610 |
1 |
|
|a марксизм
|
| 610 |
1 |
|
|a революционные организации
|
| 610 |
1 |
|
|a революционные события
|
| 610 |
1 |
|
|a произведения
|
| 610 |
1 |
|
|a издания
|
| 686 |
|
|
|a Ю3(0)6-602.33
|v LBC/SL-A
|2 rubbk
|
| 702 |
|
1 |
|a Смирнова
|b Н. А.
|4 340
|
| 702 |
|
1 |
|a Сукеник
|b И. Я.
|4 340
|
| 712 |
0 |
1 |
|a СССР
|b Главное управление геодезии и картографии
|c 1938-1991
|7 ca
|8 rus
|2 stltpush
|3 (RuTPU)RU\TPU\col\13425
|9 25663
|
| 801 |
|
1 |
|a RU
|b 63413507
|c 20230324
|
| 801 |
|
2 |
|a RU
|b 63413507
|c 20230328
|g RCR
|
| 942 |
|
|
|c MP
|